Score 0/30 Timer 03:00
2 Plays Today
Question Answer Wrong Answers
Siren
86.7%
4.4%
Cyclopes
85.8%
4.9%
Vulpix
83.5%
7.3%
Marowak
82.5%
8%
Venomoth
82.3%
8.4%
Gorgon
82%
8.7%
Jynx
82%
8.9%
Muk
81.4%
9.5%
Hydra
80.6%
9.8%
Abra
80.5%
10.4%
Sphinx
80.2%
11%
Harpy
78.9%
12.2%
Cyllarus
78.5%
12.1%
Scylla
78.3%
12.3%
Onix
78.3%
12.5%
Nidoran
78%
12.4%
Silenus
76.2%
14.5%
Gligar
75%
15.6%
Orthaon
73.4%
17.3%
Natu
73.4%
17.9%
Hypno
73.3%
17.2%
Typhon
72.9%
17.9%
Polybotes
69.8%
21.2%
Hecatonch
65.3%
25.6%
Tyrogue
61.4%
29.2%
Golem
59.7%
31%
Almops
57.7%
33%
Corsola
57.1%
34%
Ledian
50.4%
40.4%
Crocotta
49.6%
40.9%
Come Together.
Have Fun.
All Virtual.
We all need to come together. Play Sporcle's virtual live trivia to have fun, connect with people, and get your trivia on. Join a live hosted trivia game for your favorite pub trivia experience done virtually. If a virtual private party is more your thing, go here for details.

You're not logged in!

Compare scores with friends on all Sporcle quizzes.
OR
Log In

Sporcle TV

Today on Sporcle TV


Watch our educational content, quiz creation guides, and fun videos on Sporcle TV.

Show Comments

Extras

Top Quizzes Today


Score Distribution

Paid Content

Your Account Isn't Verified!

In order to create a playlist on Sporcle, you need to verify the email address you used during registration. Go to your Sporcle Settings to finish the process.

Report this User

Report this user for behavior that violates our Community Guidelines.

Details: